Zvířátka : kontrastní obrázky pro miminka : zelená knížka /

Main Author: Netopil, Zdeněk, 1948-
Language: Czech
Published: Dubicko : INFOA, [2021]
Series: Mozaika (INFOA)
Subjects:
Physical Description: 12 nečíslovaných stran : ilustrace (některé barevné) ; 14 cm
Book
Saved in:
LEADER 01688nam a2200493 i 4500
001 nkc20213383594
003 CZ PrNK
005 20220222101622.0
007 ta
008 211215t20212021xr a a 000 u cze
015 |a cnb003383594 
020 |a 978-80-7547-775-0  |q (vázáno) 
035 |a (OCoLC)1302726750 
040 |a OLA001  |b cze  |d ABA001  |e rda 
072 7 |a 821-93-053.4  |x Literatura pro nejmenší děti  |2 Konspekt  |9 26 
080 |a 821-93-053.4  |2 MRF 
080 |a 592/599  |2 MRF 
080 |a 591.35  |2 MRF 
080 |a (0.025.2)  |2 MRF 
100 1 |a Netopil, Zdeněk,  |d 1948-  |7 jo20010091948  |4 ill 
245 1 0 |a Zvířátka :  |b kontrastní obrázky pro miminka : zelená knížka /  |c ilustrace: Zdeněk Netopil 
264 1 |a Dubicko :  |b INFOA,  |c [2021] 
264 4 |c ©2021 
300 |a 12 nečíslovaných stran :  |b ilustrace (některé barevné) ;  |c 14 cm 
336 |a text  |b txt  |2 rdacontent 
336 |a statický obraz  |b sti  |2 rdacontent 
337 |a bez média  |b n  |2 rdamedia 
338 |a svazek  |b nc  |2 rdacarrier 
490 1 |a Mozaika 
500 |a Kartonové listy 
650 0 7 |a zvířata  |7 ph116793  |2 czenas 
650 0 7 |a mláďata  |7 ph134907  |2 czenas 
650 0 9 |a animals  |2 eczenas 
650 0 9 |a young animals  |2 eczenas 
655 7 |a leporela  |7 fd132727  |2 czenas 
655 7 |a publikace pro nejmenší děti  |7 fd1060157  |2 czenas 
655 9 |a folding picture-books  |2 eczenas 
655 9 |a publications for small children  |2 eczenas 
830 0 |a Mozaika (INFOA)  |0 s 
910 2 |a BOA001  |b S-1478.643 
990 |a BK 
995 |a 01 
991 |b 202201  |c NOV 
996 6 |b 2610890181  |c S-1478.643  |l MZK  |r Sklad / do 24 hodin  |n 0  |p p.v.  |w 001873380  |u 000010  |a 1  |e BOA001  |j MZK50  |s P